000
00272nam a2200121Ia 4500
008
190216s9999||||xx |||||||||||||| ||und||
100
_a
Bhaskaran P
245
0
_a
Njattuvela Pookal
260
_b
Current Books
_c
1959
300
_a
27p
650
_a
Kavithkal
942
_c
BK
999
_c
23613
_d
23613